000 00273nam a2200109Ia 4500
008 230907s9999||||xx |||||||||||||| ||und||
082 _a801
_bNEW
100 _aNewell, Kate,
_9115920
245 0 _aExpanding adaptation networks :
300 _axii, 228 pages :
942 _cBK
999 _c600146
_d600146